Relaciones Prematrimoniales en República Dominicana / Transcrición y presentación por: Denis Mota (Registro nro. 2082)
[ vista simple ]
| 000 -LEADER | |
|---|---|
| fixed length control field | 00613nam a22001931a 4500 |
| 001 - CONTROL NUMBER | |
| control field | 2082 |
| 003 - CONTROL NUMBER IDENTIFIER | |
| control field | OSt |
| 005 - DATE AND TIME OF LATEST TRANSACTION | |
| control field | 20260204211758.0 |
| 008 - FIXED-LENGTH DATA ELEMENTS--GENERAL INFORMATION | |
| fixed length control field | 040124s1978||||dr ||||||b||||||||||spa|| |
| 050 ## - LIBRARY OF CONGRESS CALL NUMBER | |
| Classification number | RD 306.73 R279p |
| 082 ## - DEWEY DECIMAL CLASSIFICATION NUMBER | |
| Classification number | RD 306.73 R279p |
| 245 ## - TÍTULO PROPIAMENTE DICHO: SUBTÍTULO | |
| Title | Relaciones Prematrimoniales en República Dominicana / Transcrición y presentación por: Denis Mota |
| 264 ## - PRODUCTION, PUBLICATION, DISTRIBUTION, MANUFACTURE, AND COPYRIGHT NOTICE | |
| Place of production, publication, distribution, manufacture | Santo Domingo : Profamilia |
| 300 ## - PHYSICAL DESCRIPTION | |
| Extensión | 127 p. |
| 500 ## - GENERAL NOTE | |
| General note | Incluye bibliografía |
| 650 ## - ASIENTO SECUNDARIO DE MATERIA -- TERMINO TEMÁTICO | |
| Termino Temático Como Elemento de Entrada | 1.Relaciones Sexuales Prematrimoniales 2.Embarazo en la adolecencia República Dominicana |
| 700 ## - ASIENTO SECUNDARIO -- NOMBRE PERSONAL | |
| Personal name | Mota, DenisÌ |
| 942 ## - ADDED ENTRY ELEMENTS (KOHA) | |
| Source of classification or shelving scheme | Dewey Decimal Classification |
| Koha item type | Libros |
| Withdrawn status | Lost status | Source of classification or shelving scheme | Damaged status | Not for loan | Current library | Date acquired | Total Checkouts | Full call number | Barcode | Date last seen | Price effective from | Koha item type |
|---|---|---|---|---|---|---|---|---|---|---|---|---|
| Dewey Decimal Classification | Biblioteca UTECO | 09/09/2019 | RD 306.73 R279P | 006437 | 09/09/2019 | 09/09/2019 | Libros |
